LEADER 01704oam 2200457M 450 001 9910716487203321 005 20200213070926.1 035 $a(CKB)5470000002521270 035 $a(OCoLC)1065610520 035 $a(OCoLC)995470000002521270 035 $a(EXLCZ)995470000002521270 100 $a20071213d1927 ua 0 101 0 $aeng 135 $aurcn||||||||| 181 $ctxt$2rdacontent 182 $cc$2rdamedia 183 $acr$2rdacarrier 200 10$aSpecial assistants for the Board of Tax Appeals. February 9, 1927. -- Committed to the Committee of the Whole House on the State of the Union and ordered to be printed 210 1$a[Washington, D.C.] :$c[U.S. Government Printing Office],$d1927. 215 $a1 online resource (2 pages) 225 1 $aHouse report / 69th Congress, 2nd session. House ;$vno. 2030 225 1 $a[United States congressional serial set] ;$v[serial no. 8689] 300 $aBatch processed record: Metadata reviewed, not verified. Some fields updated by batch processes. 300 $aFDLP item number not assigned. 606 $aWages 606 $aCivil service 608 $aLegislative materials.$2lcgft 615 0$aWages. 615 0$aCivil service. 701 $aGreen$b William Raymond$f1856-1947$pRepublican (IA)$01389557 801 0$bWYU 801 1$bWYU 801 2$bOCLCO 801 2$bOCLCQ 801 2$bOCLCO 801 2$bOCLCQ 801 2$bOCLCA 906 $aBOOK 912 $a9910716487203321 996 $aSpecial assistants for the Board of Tax Appeals. February 9, 1927. -- Committed to the Committee of the Whole House on the State of the Union and ordered to be printed$93514338 997 $aUNINA LEADER 04474nam 22007451 450 001 9910955335403321 005 20091116115221.0 010 $a9786611165642 010 $a9781472563958 010 $a1472563956 010 $a9781281165640 010 $a1281165646 010 $a9781847313645 010 $a1847313647 024 7 $a10.5040/9781472563958 035 $a(CKB)1000000000411640 035 $a(EBL)328273 035 $a(OCoLC)209336455 035 $a(SSID)ssj0000308589 035 $a(PQKBManifestationID)12114479 035 $a(PQKBTitleCode)TC0000308589 035 $a(PQKBWorkID)10258751 035 $a(PQKB)10233998 035 $a(MiAaPQ)EBC1772733 035 $a(MiAaPQ)EBC328273 035 $a(OCoLC)1158918531 035 $a(UtOrBLW)bpp09256378 035 $a(Au-PeEL)EBL328273 035 $a(OCoLC)609228948 035 $a(UtOrBLW)BP9781472563958BC 035 $a(Perlego)810067 035 $a(EXLCZ)991000000000411640 100 $a20140929d2007 uy 0 101 0 $aeng 135 $aur|n|---||||| 181 $ctxt 182 $cc 183 $acr 200 14$aThe role of National Human Rights Institutions at the international and regional levels $ethe experience of Africa /$fRachel Murray 205 $a1st ed. 210 1$aOxford ;$aPortland, Oregon :$cHart Publishing,$d2007. 215 $a1 online resource (148 p.) 225 1 $aHuman rights law in perspective 300 $aDescription based upon print version of record. 311 08$a9781841133942 311 08$a1841133949 320 $aIncludes bibliographical references (pages [117]-133) and index. 327 $aCh. 1. The role of national human right institutions at the international and regional levels -- Ch. 2. Legitimacy of NHRI participation -- Ch. 3. The role of NHRIs in the United Nations -- Ch. 4. NHRIs at the regional level -- Ch. 5. NHRIs as state or non-state actors -- Ch. 6. Ensuring the accountability of NHRIs: what role for the international and regional bodies? -- Ch. 7. Conclusion -- App I. The Paris principles ; App II. Resolution on the granting of observer status to national human rights institutions in Africa ; App. III. ICC rules of procedure ; App. IV. Rules of procedure of the ICC sub-committee on accreditation ; App. V. Rules of procedure of the coordinating committee of African national institutions for the promotion and protection of human rights. 330 $a"National Human Rights Institutions (NHRIs), defined by the UN as bodies established to promote and protect human rights, have increased in number since the General Assembly adopted principles governing their effectiveness in 1993. The UN and others have encouraged states to set up such institutions as an indication of their commitment to human rights, and now over 20 such institutions exist in Africa and many more will follow. These institutions have taken various forms including ombudsmen, commissions, or a combination of the two. They differ in terms of how they are established; some by constitution, some by legislation and some by decree. These NHRIs have varying functions, usually both promotional and protective, such as giving advice to government, parliament, and others, making recommendations on compliance with human rights standards, awareness raising, and analysis of law and policy. Despite the considerable variations in the method of their creation, powers and composition, most of these institutions have chosen or indeed been mandated, to become involved in international and regional fora. This book examines these institutions in the African region, the way in which they use the international and regional fora, the effectiveness of their contributions and how they are able to participate."--Bloomsbury Publishing. 410 0$aHuman rights law in perspective. 606 $aHuman rights$zAfrica 606 $aNational human rights institutions$zAfrica 606 $aNational human rights institutions 606 $2International human rights law 615 0$aHuman rights 615 0$aNational human rights institutions 615 0$aNational human rights institutions. 676 $a323 700 $aMurray$b Rachel$g(Rachel H.),$01891033 801 0$bUtOrBLW 801 1$bUtOrBLW 906 $aBOOK 912 $a9910955335403321 996 $aThe role of National Human Rights Institutions at the international and regional levels$94550744 997 $aUNINA